Controle de geadas com uso de irrigação em frutas de caroço em Santa Catarina (Registro n. 329490)
[ somente texto ]
| 000 -LÍDER | |
|---|---|
| fixed length control field | 00889nab a2200289 4500 |
| 003 - CÓDIGO MARC DA AGÊNCIA CATALOGADORA | |
| Campo de controle | BR-BrBNA |
| 005 - DATA E HORA DA ÚLTIMA ATUALIZAÇÃO | |
| Campo de controle | 20250103143736.0 |
| 008 - CAMPO DE TAMANHO FIXO | |
| fixed length control field | 250103b bl.||||| |||| 00| 0 por d |
| 040 ## - FONTE DA CATALOGAÇÃO | |
| Agência catalogadora | BR-BrBNA |
| Idioma da catalogação | por |
| 072 ## - CATEGORIA AGRIS | |
| Código AGRIS | F06 ; P40 |
| 100 ## - ENTRADA PRINCIPAL - NOME PESSOAL | |
| Código relacionador | Seidel, Charles |
| 100 ## - ENTRADA PRINCIPAL - NOME PESSOAL | |
| Nome pessoal | Leite, Thiago O. |
| 100 ## - ENTRADA PRINCIPAL - NOME PESSOAL | |
| Nome pessoal | Back, Álvaro José |
| 100 ## - ENTRADA PRINCIPAL - NOME PESSOAL | |
| Nome pessoal | Vicente, Alceu Assis José |
| 245 ## - TÍTULO PRINCIPAL | |
| Título principal | Controle de geadas com uso de irrigação em frutas de caroço em Santa Catarina |
| 500 ## - NOTA GERAL | |
| Nota geral | 5 ref.; 4 illus. |
| 942 ## - ADDED ENTRY ELEMENTS (KOHA) | |
| Koha item type | Analítica |
| 650 ## - ASSUNTO - THESAGRO | |
| Cabeçalho tópico ou nome geográfico | IRRIGAÇÃO POR ASPERSÃO |
| 650 ## - ASSUNTO - THESAGRO | |
| Cabeçalho tópico ou nome geográfico | FRUTA |
| 650 ## - ASSUNTO - THESAGRO | |
| Cabeçalho tópico ou nome geográfico | GEADA |
| 650 ## - ASSUNTO - THESAGRO | |
| Cabeçalho tópico ou nome geográfico | DANO PELO FRIO |
| 650 ## - ASSUNTO - THESAGRO | |
| Cabeçalho tópico ou nome geográfico | CLIMATOLOGIA |
| 650 ## - ASSUNTO - THESAGRO | |
| Cabeçalho tópico ou nome geográfico | CONTROLE TÉRMICO |
| 650 ## - ASSUNTO - THESAGRO | |
| Cabeçalho tópico ou nome geográfico | SANTA CATARINA |
| 773 0# - ENTRADA ANALÍTICA | |
| Host Biblionumber | 4820 |
| Registro do item | 345786 |
| Imprenta | Votuporanga/SP IRRIGAZINE 2009 |
| Outro identificador | 2024-6424 |
| Título | Irrigazine (Brazil) |
| Colação | (89) p. 20-23; (Oct 2024) |
| Número de controle de registro | BR2024004550 |
Nenhum exemplar disponível.

BINAGRI